[Event "15th Godesburg Open"]
[Site "Bad Godesberg GER"]
[Date "2011.07.23"]
[Round "1.6"]
[White "Ortleb,Thomas"]
[Black "Mantau,J"]
[Result "0-1"]
[WhiteElo "1819"]
[BlackElo "2213"]

1.c4 e5 2.g3 Nc6 3.Bg2 d6 4.Nc3 Be6 5.d3 Qd7 6.e3 g6 7.a3 Bg7 8.Rb1 Nge7
9.h3 d5 10.cxd5 Nxd5 11.Nge2 Rd8 12.Ne4 Qe7 13.O-O f5 14.N4c3 Qf7 15.Qc2 O-O
16.Na4 Nxe3 17.Bxe3 Bb3 18.Qc5 Bxa4 19.Nc3 Bb3 20.Rbc1 f4 21.Bd2 f3 22.Bh1 Nd4
23.Be3 b6  0-1

[Event "ch-PHI"]
[Site "Manila PHI"]
[Date "2011.07.23"]
[Round "13"]
[White "Garcia,Jan"]
[Black "Barcenilla,R"]
[Result "1/2-1/2"]
[WhiteElo "2404"]
[BlackElo "2518"]

1.c4 e5 2.g3 Nc6 3.Bg2 Nf6 4.Nc3 Bc5 5.e3 d6 6.Nge2 a6 7.O-O O-O 8.d3 h6
9.a3 Ba7 10.b4 Be6 11.Nd5 Ne8 12.b5 axb5 13.cxb5 Na5 14.Bd2 Bb6 15.Nxb6 cxb6
16.Bxa5 Rxa5 17.d4 Qa8 18.Qd3 Nc7 19.Rfb1 Qa7 20.Nc3 Rxa3 21.Rxa3 Qxa3 22.dxe5 dxe5
23.Bxb7 Qe7 24.Bc6 Rd8 25.Qc2 Bc4 26.Rd1 g6 27.Na4 Bxb5 28.Bxb5 Nxb5 29.Nxb6 Rxd1+
30.Qxd1 Kg7  1/2-1/2

[Event "20th ch-MKD Open"]
[Site "Struga MKD"]
[Date "2011.07.23"]
[Round "8"]
[White "Vladimirov,V MKD"]
[Black "Andonovski,L"]
[Result "0-1"]
[WhiteElo "2162"]
[BlackElo "2317"]

1.c4 e5 2.g3 Nf6 3.Bg2 Nc6 4.Nc3 Bb4 5.Nd5 a5 6.a3 Bc5 7.d3 h6 8.Nf3 O-O
9.O-O d6 10.Bd2 Nxd5 11.cxd5 Ne7 12.b4 Bb6 13.Qb3 a4 14.Qc4 c6 15.dxc6 bxc6
16.Rac1 Be6 17.Qh4 Qd7 18.h3 Nf5 19.Qe4 Nxg3 20.Qxc6 Nxe2+ 21.Kh2 Nxc1 22.Qxb6 Nxd3
23.Rd1 Rab8 24.Qa6 Nxf2 25.Rg1 Ne4 26.Bxh6 gxh6 27.Qe2 Ng5 28.Nxg5 hxg5 29.Bc6 Qe7
30.h4 f6 31.hxg5 fxg5 32.Be4 Rf4  0-1

[Event "TCh-POR 1st Div"]
[Site "Torres Vedras POR"]
[Date "2011.07.24"]
[Round "2.5"]
[White "Vasconcellos,RF"]
[Black "Figuero Toro,J"]
[Result "1/2-1/2"]
[WhiteElo "2069"]
[BlackElo "2226"]

1.c4 e5 2.g3 Nc6 3.Bg2 Nf6 4.Nc3 Bb4 5.Nd5 O-O 6.Nxb4 Nxb4 7.Nf3 e4 8.Nd4 d5
9.Nc2 Nxc2+ 10.Qxc2 dxc4 11.Qxc4 Be6 12.Qc2 Qd7 13.b3 Bf5 14.O-O Rad8 15.e3 Rfe8
16.Ba3 Re6 17.Rac1 Ra6 18.Bb4 Rc6 19.Bc3 Bh3 20.f3 Bxg2 21.Kxg2 exf3+ 22.Rxf3 Qd5
23.Rf1 Ne4 24.Rf5 Qe6 25.Rxf7 Nxc3 26.dxc3 Qxe3 27.c4 Qd2+ 28.Qxd2 Rxd2+
29.R1f2 Rxf2+ 30.Rxf2 Rd6 31.Kf1 Re6 32.h4 Re3 33.Kg2 h5 34.Rd2 Re7 35.Kf3 Kf7
36.Rd4 g6 37.Kf4 Kf6 38.a4 Re6 39.a5 a6 40.Rd7 Rc6 41.Rd5 Re6 42.Rd7 Rc6  1/2-1/2

[Event "15th Godesburg Open"]
[Site "Bad Godesberg GER"]
[Date "2011.07.25"]
[Round "3.17"]
[White "Ortleb,Thomas"]
[Black "Villalba Weinberg,A"]
[Result "0-1"]
[WhiteElo "1819"]
[BlackElo "2019"]

1.c4 e5 2.g3 Nf6 3.Bg2 Nc6 4.Nc3 Bb4 5.e3 Bxc3 6.bxc3 O-O 7.e4 b6 8.Ne2 d6
9.O-O Be6 10.d3 Nd7 11.f4 f6 12.f5 Bf7 13.h4 Qe7 14.g4 h6 15.Be3 Be8 16.Kf2 Nd8
17.Qd2 Nf7 18.Ng1 Kh7 19.Nf3 Nc5 20.g5 fxg5 21.hxg5 hxg5 22.Nxg5+ Kg8 23.Ke2 c6
24.d4 exd4 25.cxd4 Nxg5 26.Bxg5 Bh5+ 27.Ke1 Nd3+ 28.Qxd3 Qxg5 29.Bf3 Rae8
30.Kf2 Bxf3 31.Kxf3 d5 32.cxd5 cxd5 33.Rae1 dxe4+ 34.Rxe4 Rxf5+ 35.Ke2 Qg2+  0-1

[Event "Open Women ch-BUL"]
[Site "Vratsa BUL"]
[Date "2011.07.25"]
[Round "1"]
[White "Voiska,M"]
[Black "Ivanova,Si"]
[Result "1-0"]
[WhiteElo "2312"]
[BlackElo "1914"]

1.c4 e5 2.g3 Nc6 3.Bg2 f5 4.Nc3 Nf6 5.a3 a5 6.e3 Bc5 7.Nge2 d6 8.d4 Bb6 9.Nd5 Nxd5
10.cxd5 Ne7 11.O-O O-O 12.b3 Ng6 13.dxe5 dxe5 14.Ra2 Bc5 15.Rc2 Qe7 16.Bb2 Bd6
17.Nc3 Bd7 18.a4 Ra6 19.Re1 Rb6 20.Rc1 Qf7 21.Rf1 Ne7 22.Ba1 Qg6 23.Nb1 f4
24.e4 Qh6 25.Nd2 Ng6 26.Nc4 Ra6 27.Bc3 Bh3 28.Bd2 Bxg2 29.Kxg2 f3+ 30.Qxf3 Rxf3
31.Bxh6 Rxb3 32.Bd2 Bb4 33.Rb1 Rxb1 34.Rxb1 Bxd2 35.Nxd2 b6 36.Nc4 Kf7 37.d6 cxd6
38.Nxd6+ Ke6 39.Nc4 Ne7 40.Rd1 Ng6 41.Rd6+ Ke7 42.Rd5 Ke6 43.Rb5 Kd7 44.Nxb6+ Kc6
45.Nc4 Ra8 46.h4  1-0

[Event "9th Metropolitan Invitational"]
[Site "Los Angeles USA"]
[Date "2011.07.27"]
[Round "1"]
[White "Banawa,Joe"]
[Black "Manukian,G"]
[Result "1-0"]
[WhiteElo "2374"]
[BlackElo "2292"]

1.c4 e5 2.g3 Nf6 3.Bg2 d5 4.cxd5 Nxd5 5.Nf3 Nc6 6.O-O Be7 7.Nc3 Nb6 8.d3 Be6
9.a3 a5 10.Be3 O-O 11.Rc1 f6 12.Ne4 Nd4 13.Bxd4 exd4 14.Qc2 f5 15.Nc5 Bd5
16.Nxd4 Bxg2 17.Nde6 Qd5 18.e4 fxe4 19.dxe4 Bxe4 20.Qxe4 Rf5 21.Qg4 Qe5 22.Rfe1 Qf6
23.Nxg7 Rxc5 24.Ne6+ Rg5 25.Nxg5 Qxg5 26.Qe6+ Kf8 27.Rxc7 Nd5 28.Rc4 Qh5
29.Rd4 Rd8 30.Re5  1-0

[Event "9th Metropolitan Invitational"]
[Site "Los Angeles USA"]
[Date "2011.07.27"]
[Round "1"]
[White "Amanov,Z"]
[Black "Peters,Ja"]
[Result "1/2-1/2"]
[WhiteElo "2382"]
[BlackElo "2377"]

1.c4 e5 2.g3 g6 3.Bg2 Bg7 4.Nc3 d6 5.d3 Ne7 6.e4 O-O 7.Nge2 c6 8.O-O f5 9.d4 Nd7
10.Be3 fxe4 11.Nxe4 Nf5 12.Bg5 Qc7 13.dxe5 Nxe5 14.b3 h6 15.Bd2 Be6 16.Bc3 Rad8
17.Rc1 Qf7 18.Qc2 d5 19.cxd5 cxd5 20.Nc5 Bc8 21.Nd3 Nc6 22.Bxg7 Kxg7 23.Qb2+ Kh7
24.b4 Nd6 25.Nef4 Nc4 26.Qc3 b5 27.Rce1 g5 28.Ne2 Qf6 29.Qxf6 Rxf6 30.Rc1 Bf5
31.Rfd1 Bxd3 32.Rxd3 Nxb4 33.Rb3 Nxa2 34.Ra1 Ra6 35.Rxb5 Nb6 36.Rb2 Nb4 37.Rxa6 Nxa6
38.Ra2 Nb4 39.Rxa7+ Rd7  1/2-1/2

[Event "5th AD San Juan Open"]
[Site "Pamplona ESP"]
[Date "2011.07.27"]
[Round "4"]
[White "Moreno Ruiz,J"]
[Black "Almeida Quintana,O"]
[Result "0-1"]
[WhiteElo "2545"]
[BlackElo "2548"]

1.c4 e5 2.g3 Nc6 3.Bg2 Bc5 4.Nc3 d6 5.e3 Nf6 6.Nge2 a6 7.d3 O-O 8.O-O Ba7
9.b3 Be6 10.Nd5 h6 11.Bb2 Bxd5 12.cxd5 Ne7 13.e4 c6 14.d4 cxd5 15.dxe5 dxe5
16.exd5 Qd6 17.Qd2 Rad8 18.Rad1 Rfe8 19.Nc3 Bd4 20.Rfe1 b5 21.Ne4 Nxe4 22.Rxe4 Bxb2
23.Qxb2 Nf5 24.Qe2 Kf8 25.Qh5 g6 26.Qe2 h5 27.Qb2 Kg8 28.a4 Rb8 29.Qe2 Kf8
30.Qd2 Kg7 31.Rde1 Nd4 32.axb5 Qxd5 33.Qb2 Qxb5 34.f4 Qxb3 35.Qxb3 Nxb3 36.Rxe5 Rxe5
37.Rxe5 Kf6 38.Rd5 a5 39.Rd6+ Ke7 40.Ra6 Rd8 41.Bf3 Rd2 42.f5 Rd6 43.Ra7+ Kf6
44.fxg6 fxg6 45.h4 Rd2 46.Be4 Nc5 47.Bc6 Ra2 48.Bd5 Ra3 49.Kg2 a4 50.Ra5 Rc3
51.Kf2 a3 52.Kg2 Ke5 53.Bf7 Kf5 54.Kf2 Kf6 55.Bd5 Nd3+ 56.Kg2 Nb4 57.Bg8 Kg7
58.Be6 Rc6 59.Bb3 Ra6 60.Rb5 a2  0-1

[Event "15th Godesburg Open"]
[Site "Bad Godesberg GER"]
[Date "2011.07.28"]
[Round "6.12"]
[White "Froitzheim,R"]
[Black "Kutzner,S"]
[Result "1/2-1/2"]
[WhiteElo "1960"]
[BlackElo "2089"]

1.c4 e5 2.g3 Nf6 3.Bg2 d5 4.cxd5 Nxd5 5.Nc3 Nb6 6.Nf3 Nc6 7.a3 Be7 8.b4 a6
9.O-O O-O 10.d3 Be6 11.Bb2 f5 12.Rc1 Bf6 13.Na4 Nxa4 14.Qxa4 Qd7 15.Qc2 Rad8
16.Qb1 Rfe8 17.Rc5 Bd5 18.e4 Bf7 19.exf5 Qxf5 20.Ne1 Rd6 21.Be4 Qd7 22.Ng2 Rd8
23.Ne3 b6 24.Rcc1 Nd4 25.Bxd4 exd4 26.Nc4 Bxc4 27.Rxc4 Rf8 28.Qc2 Bd8 29.Qa2 Kh8
30.Qc2  1/2-1/2

[Event "26th Avoine Open"]
[Site "Avoine FRA"]
[Date "2011.07.30"]
[Round "8"]
[White "Berescu,A"]
[Black "Lagarde,Max"]
[Result "0-1"]
[WhiteElo "2465"]
[BlackElo "2433"]

1.c4 e5 2.g3 Nf6 3.Nc3 d5 4.cxd5 Nxd5 5.Bg2 Nb6 6.Nf3 Nc6 7.O-O Be7 8.a3 Be6
9.b4 a5 10.b5 Nd4 11.Rb1 a4 12.Nxe5 f6 13.e3 fxe5 14.exd4 exd4 15.Ne4 O-O
16.d3 Qd7 17.Bb2 Ra5 18.Nd2 Rxb5 19.Bxb7 Ba2 20.Ba6 Ra5 21.Ra1 Bd5 22.Bc4 Nxc4
23.dxc4 Ba8 24.f3 Bg5 25.f4 Qh3 26.Nf3 Bxf4 27.Bxd4 Bxg3 28.Ra2 Bxh2+ 29.Rxh2 Rg5+  0-1

[Event "15th Godesburg Open"]
[Site "Bad Godesberg GER"]
[Date "2011.07.30"]
[Round "8.22"]
[White "Froitzheim,R"]
[Black "Schaefer,Timo"]
[Result "0-1"]
[WhiteElo "1960"]
[BlackElo "1819"]

1.c4 e5 2.g3 Nc6 3.Bg2 f5 4.Nc3 Nf6 5.d3 Bb4 6.Bd2 O-O 7.Nf3 d6 8.O-O a6
9.a3 Bc5 10.b4 Ba7 11.e3 h6 12.Nd5 Be6 13.Nxf6+ Rxf6 14.Bc3 Rf7 15.Qe2 Ne7
16.Bxe5 dxe5 17.Nxe5 c6 18.Nxf7 Bxf7 19.Rfd1 Qd7 20.d4 Rd8 21.Kh1 Qe6 22.Bf1 g5
23.Rac1 Bb8 24.Rd2 h5 25.Bg2 Qh6 26.Kg1 h4 27.e4 f4 28.g4 f3 29.Bxf3 Bf4
30.Rcd1 Bxd2 31.Rxd2 Ng6 32.d5 Nf4 33.Qd1 cxd5 34.exd5 h3 35.c5 Re8 36.d6 Qe6
37.Kf1 Qd7 38.Rd4 Qb5+ 39.Kg1 Qd7 40.Re4 Rxe4 41.Bxe4 Be6 42.f3 Kf8 43.Kf2 Qg7
44.Qd2 Ke8 45.c6 bxc6 46.Bxc6+ Bd7 47.Qc2 Qd4+ 48.Kf1 Qxd6 49.Qe4+ Kd8 50.Bxd7 Qd1+
51.Qe1 Qxf3+ 52.Qf2 Qd3+ 53.Kg1 Ne2+ 54.Kf1 Ng3+ 55.Ke1 Qb1+  0-1

[Event "ch-AUT"]
[Site "Linz AUT"]
[Date "2011.07.30"]
[Round "8"]
[White "Fauland,A"]
[Black "Schwabeneder,Florian"]
[Result "0-1"]
[WhiteElo "2477"]
[BlackElo "2207"]

1.c4 e5 2.g3 Nf6 3.Bg2 d5 4.cxd5 Nxd5 5.Nf3 Nc6 6.O-O Nb6 7.d3 f6 8.Nc3 Be6
9.a4 Bb4 10.Bd2 Qe7 11.Ne4 a5 12.Rc1 Bxd2 13.Nfxd2 Nb4 14.Nc5 c6 15.Nxe6 Qxe6
16.Ne4 Nd7 17.Rc4 f5 18.Bh3 g6 19.Qc1 Qe7 20.Nc5 Nb6 21.Rh4 h5 22.Bg2 f4
23.Be4 Rh6 24.Rh3 N6d5 25.d4 O-O-O 26.Kh1 g5 27.gxf4 Nxf4 28.Re3 Rxd4 29.Nb3 Kb8
30.Bf3 Rd8 31.Nxa5 Nfd5 32.Rb3 e4 33.Bg2 h4 34.Qc4 Re6 35.Rd1 Rf8 36.Kg1 g4
37.Qd4 Ref6 38.Bxe4 Rxf2 39.e3 Qc7 40.Bg2 Qxa5 41.Qxg4 Qc5 42.Qe4 Qc2 43.Qxc2 Nxc2
44.Bxd5 cxd5 45.Rxd5 Rf1+ 46.Kg2 R8f3  0-1

[Event "5th AD San Juan Open"]
[Site "Pamplona ESP"]
[Date "2011.07.31"]
[Round "9"]
[White "Paunovic,D"]
[Black "Aroshidze,L"]
[Result "1-0"]
[WhiteElo "2503"]
[BlackElo "2539"]

1.g3 e5 2.c4 Nc6 3.Bg2 g6 4.Nc3 Bg7 5.d3 d6 6.e4 Nge7 7.Nge2 Be6 8.Nd5 O-O
9.Be3 f5 10.Qd2 Qd7 11.O-O Nd8 12.Nxe7+ Qxe7 13.exf5 gxf5 14.f4 c6 15.Rae1 Nf7
16.b3 Bd7 17.Bh3 Qf6 18.Bg2 Bh6 19.fxe5 Bxe3+ 20.Qxe3 Nxe5 21.d4 Ng6 22.Nf4 Rae8
23.Nh5 Qf7 24.Qg5 Rxe1 25.Rxe1 Kh8 26.h4 Re8 27.Rxe8+ Bxe8 28.Nf6 Kg7 29.Nxe8+ Qxe8
30.h5 Qe7 31.Qxf5 Nf8 32.Be4 Qf6 33.d5 Qa1+ 34.Bb1 Qd4+ 35.Kg2 Qd2+ 36.Kh3 cxd5
37.cxd5 h6 38.Qg4+ Kh8 39.Qf3 Kg7 40.Bf5 Qe1 41.Qg4+ Kf6 42.Qf4 Qh1+ 43.Kg4 Qd1+
44.Kh4 Ke7 45.Qxh6 Qh1+ 46.Bh3 Qe4+ 47.Qf4  1-0

[Event "16th Creon Open"]
[Site "Creon FRA"]
[Date "2011.08.04"]
[Round "6.2"]
[White "Berescu,A"]
[Black "Gozzoli,Y"]
[Result "1/2-1/2"]
[WhiteElo "2465"]
[BlackElo "2532"]

1.c4 e5 2.g3 Nf6 3.Nc3 Nc6 4.Bg2 g6 5.d3 Bg7 6.e4 d6 7.Nge2 O-O 8.O-O Nh5
9.Be3 Nd4 10.Qd2 c6 11.Bg5 f6 12.Be3 f5 13.Bg5 Bf6 14.Bxf6 Nxe2+ 15.Nxe2 Nxf6  1/2-1/2

[Event "ECT Open A"]
[Site "Borne NED"]
[Date "2011.08.05"]
[Round "7.3"]
[White "Van Foreest,Jorden"]
[Black "De Jongh,Adriaan"]
[Result "1/2-1/2"]
[WhiteElo "2097"]
[BlackElo "2222"]

1.c4 e5 2.g3 Nf6 3.Bg2 d5 4.cxd5 Nxd5 5.Nc3 Nb6 6.Nf3 Nc6 7.O-O Be7 8.Rb1 Be6
9.b4 f6 10.b5 Nd4 11.Nh4 Rb8 12.e3 Nf5 13.Bh3 Qd3 14.Nxf5 Bxf5 15.Bxf5 Qxf5
16.Qb3 Qd3 17.Ba3 Qc4 18.Qb2 Qe6 19.Bxe7 Qxe7 20.Qb3 Qf7 21.Qa3 Ra8 22.Rbc1 Qe7
23.Qb3 Qf7 24.Qb4 Qe7 25.Qe4 Rb8 26.Nd5 Nxd5 27.Qxd5 Qd7 28.Qc4 Rc8 29.Rc3 c5
30.Rfc1 Ke7 31.Qe4 b6 32.f4 Qe6 33.Ra3 Rc7 34.Rcc3 g6 35.Rd3 f5 36.Qxe5 Qxe5
37.fxe5 Ke6 38.Rd6+ Kxe5 39.Rad3 c4 40.R3d5+ Ke4 41.Kf2 Rhc8 42.a4 Rc5 43.Rd4+ Ke5
44.Kf3 R8c7 45.h4 Rf7 46.Rd7 Rxd7 47.Rxd7 a6 48.bxa6 Ra5 49.a7 Rxa4 50.Rxh7 b5
51.Rb7 Kf6 52.Ke2 Ra2 53.Kd1 Ke5 54.Rxb5+ Ke4 55.Ke2 Rxa7 56.Rc5 Ra2 57.Rxc4+ Kd5
58.Rd4+ Ke5 59.Kf3 Ra1 60.Rd8 Rf1+ 61.Kg2 Rd1 62.Kf2 Ke4 63.d3+ Ke5 64.d4+ Ke4
65.Re8+ Kd5 66.Re5+ Kd6 67.h5 Rd2+ 68.Kf3 gxh5 69.Rxf5 Rh2 70.Ke4 h4 71.gxh4 Rxh4+
72.Rf4 Rh5 73.Rf6+ Ke7 74.Ra6 Rh4+ 75.Kd3 Rh3 76.d5 Kd7 77.Kd4  1/2-1/2

[Event "20th ZMDI Open A"]
[Site "Dresden GER"]
[Date "2011.08.09"]
[Round "4.29"]
[White "Buechmann,O"]
[Black "Zill,C"]
[Result "1-0"]
[WhiteElo "2123"]
[BlackElo "2271"]

1.c4 e5 2.g3 Nf6 3.Bg2 Nc6 4.Nc3 Bb4 5.Nd5 O-O 6.Nxb4 Nxb4 7.Nf3 e4 8.Nd4 d5
9.Nc2 Nc6 10.cxd5 Qxd5 11.O-O Qh5 12.f3 exf3 13.exf3 Bh3 14.g4 Qh4 15.d4 Bxg2
16.Kxg2 Nd5 17.Ne3 Nf4+ 18.Kh1 Ne7 19.Nf5 Nxf5 20.Bxf4 Rad8 21.Qc1 Rxd4 22.Bg5 Qh3
23.gxf5 Qxf5 24.Qe3 Rd5 25.Rg1 Rd6 26.Be7 Re6 27.Qc3  1-0

[Event "MMK Krakow IM"]
[Site "Krakow POL"]
[Date "2011.08.09"]
[Round "5.2"]
[White "De Verdier,M"]
[Black "Druska,J"]
[Result "0-1"]
[WhiteElo "2359"]
[BlackElo "2332"]

1.c4 e5 2.g3 f5 3.Nf3 Nc6 4.Nc3 Nf6 5.d4 e4 6.Nh4 g6 7.Bg5 Bg7 8.Qd2 O-O
9.Bg2 Qe8 10.Nb5 Qd8 11.O-O a6 12.Nc3 Qe8 13.Kh1 Qf7 14.d5 Ne5 15.b3 Nfg4
16.f3 exf3 17.Nxf3 d6 18.Nd4 h6 19.Bf4 g5 20.Bxe5 Bxe5 21.Nf3 Qh5 22.Kg1 f4
23.h3 fxg3 24.hxg4 Bxg4 25.Qd3 Rxf3 26.Rxf3 Qh2+ 27.Kf1 Bh3 28.Ke1 Bxg2 29.Re3 Be4
30.Qxe4 g2 31.Qg6+ Bg7 32.Re8+ Rxe8 33.Qxe8+ Bf8 34.Qe6+ Kh8 35.Kd2 g1=Q
36.Rxg1 Qxg1 37.Qf6+ Bg7 38.Qd8+ Kh7 39.Nd1 Qd4+ 40.Ke1 Qh4+ 41.Kd2 Qf4+
42.Kd3 Qc1 43.Nf2 Qg1 44.Qxc7 Qxf2 45.Qxd6 Qd4+ 46.Kc2 Qc3+ 47.Kd1 Qa1+ 48.Kd2 Qxa2+
49.Ke1 Qa1+ 50.Kd2 Qc3+  0-1

[Event "XX TCh-MKD"]
[Site "Struga MKD"]
[Date "2011.08.09"]
[Round "2"]
[White "Krstevski,V"]
[Black "Kizov,A"]
[Result "0-1"]
[WhiteElo "2143"]
[BlackElo "2393"]

1.c4 e5 2.g3 Nc6 3.Bg2 Bc5 4.e3 d6 5.Ne2 a6 6.O-O Ba7 7.d4 exd4 8.Nxd4 Nge7
9.Nc3 O-O 10.Nd5 Nxd4 11.Nxe7+ Qxe7 12.exd4 Rb8 13.a4 Bf5 14.Be3 Qd7 15.Re1 Rfe8
16.b4 Be4 17.b5 Bxg2 18.Kxg2 c6 19.Rb1 axb5 20.axb5 cxb5 21.cxb5 Bb6 22.Qd3 d5
23.Bf4 Rbc8 24.Rxe8+ Rxe8 25.Rc1 h6 26.h4 Ra8 27.Rc3 Ra2 28.Be3 Qe6 29.Ra3 Rxa3
30.Qxa3 Qd7 31.Qd3 Bd8 32.Bf4 Bf6 33.Be3 Qg4 34.Kh2 h5 35.Qc3 Qd7 36.Qd3 g6
37.Qb3 Kg7 38.Qb4 Be7 39.Qb3 Qf5 40.Qc3 Bd6 41.Qb3 f6 42.Qd1 Qe4 43.Kh3 Kf7
44.Qc1 Ke7 45.b6 Kd7 46.f4 Qf3 47.Kh2 g5 48.hxg5 fxg5 49.Qg1 gxf4 50.Bxf4 Bxf4
51.gxf4 Qxf4+ 52.Kh3 Qg4+  0-1

[Event "XX TCh-MKD"]
[Site "Struga MKD"]
[Date "2011.08.09"]
[Round "2"]
[White "Vladimirov,V MKD"]
[Black "Bogdanovski,V"]
[Result "0-1"]
[WhiteElo "2162"]
[BlackElo "2411"]

1.c4 e5 2.g3 Nf6 3.Bg2 Nc6 4.Nf3 Bc5 5.O-O d6 6.Nc3 h6 7.d3 a6 8.a3 O-O 9.b4 Ba7
10.Bb2 Be6 11.Rc1 Qd7 12.Qb3 Ne7 13.Qc2 Bh3 14.Nd5 Nfxd5 15.cxd5 Bxg2 16.Kxg2 Nxd5
17.d4 exd4 18.Nxd4 f5 19.e4 Bxd4 20.exd5 Bxb2 21.Qxb2 f4 22.f3 fxg3 23.hxg3 Rae8
24.Rc4 Re3 25.Rc3 Qe7 26.Rxe3 Qxe3 27.Rf2 Qd3 28.Qc1 Rf7 29.Qe1 Qxd5 30.Qe8+ Kh7
31.g4 Rf6 32.Qd7 Qf7 33.Qc8 c6 34.g5 hxg5 35.Rf1 Rh6 36.Re1 Qa2+ 37.Kg1 Qh2+
38.Kf1 Qh1+ 39.Ke2 Rh2+ 40.Kd3 Qxf3+  0-1

[Event "XX TCh-MKD"]
[Site "Struga MKD"]
[Date "2011.08.09"]
[Round "2"]
[White "Kutirov,R"]
[Black "Gjorgjieski,D"]
[Result "1-0"]
[WhiteElo "2337"]
[BlackElo "2237"]

1.c4 e5 2.g3 Nc6 3.Bg2 Nf6 4.Nc3 Bb4 5.Nd5 O-O 6.Nxb4 Nxb4 7.d3 a5 8.b3 Re8
9.a3 Nc6 10.e3 d5 11.cxd5 Nxd5 12.Bb2 Qd6 13.Ne2 Bg4 14.h3 Bh5 15.g4 Bg6
16.O-O Rad8 17.Rc1 Qe6 18.Rc5 e4 19.d4 b6 20.Rc4 f5 21.gxf5 Bxf5 22.Ng3 Nce7
23.Kh2 Qd6 24.Rg1 Rd7 25.Qc2 Nf6 26.Kh1 Qe6 27.d5 Nexd5 28.Rc6 Rd6 29.Rxd6 cxd6
30.Kh2 Ng4+ 31.hxg4 Qh6+ 32.Nh5 Bxg4 33.Bh3 Bxh5 34.Rxg7+ Qxg7 35.Bxg7 Kxg7
36.Qc6 Nf6 37.Qxb6 Re5 38.Qxd6 Rd5 39.Qe7+ Kg6 40.Be6 Rg5 41.Qf7+  1-0

[Event "20th ZMDI Open A"]
[Site "Dresden GER"]
[Date "2011.08.10"]
[Round "5.13"]
[White "Stabolewski,A"]
[Black "Hasangatin,R"]
[Result "0-1"]
[WhiteElo "2270"]
[BlackElo "2515"]

1.c4 e5 2.g3 f5 3.Bg2 Nf6 4.d4 e4 5.Bg5 Be7 6.Nc3 O-O 7.f3 Nc6 8.e3 exf3
9.Qxf3 Ne4 10.Bxe7 Qxe7 11.Nd5 Qd8 12.Ne2 Na5 13.Ndc3 Nxc4 14.Nxe4 fxe4 15.Qxe4 c6
16.Rf1 Re8 17.Qf5 Nxe3 18.Qf7+ Kh8 19.Kd2 Nxg2 20.Rf3 d5 21.Qh5 Qe7 22.Nc3 Ne1
23.Qxe8+ Qxe8 24.Rxe1 Qd8 25.h4 Bg4 26.Rf7 Qb6 27.Kd3 Bh5 28.Rd7 Bg6+  0-1

[Event "FSFMB August"]
[Site "Budapest HUN"]
[Date "2011.08.11"]
[Round "6"]
[White "Hein,Ja"]
[Black "Krstulovic,Alex"]
[Result "0-1"]
[WhiteElo "1557"]
[BlackElo "1597"]

1.c4 e5 2.g3 f5 3.e4 Nf6 4.exf5 Bc5 5.Bg2 O-O 6.g4 Nc6 7.g5 Ne8 8.Bd5+ Kh8
9.Be4 Nd6 10.Bxc6 dxc6 11.f6 gxf6 12.g6 hxg6 13.h4 Ne4 14.Nh3 Bxh3 15.Qf3 Nxf2
16.Rxh3 Nxh3 17.Qxh3 Kg7 18.Nc3 Rh8 19.Ne4 Qd4 20.Nxc5 Qxc5 21.Qd7+ Kf8 22.Qg4 Kf7
23.Qd7+ Qe7 24.Qxe7+ Kxe7  0-1

[Event "9th Davos Open"]
[Site "Davos SUI"]
[Date "2011.08.11"]
[Round "5.1"]
[White "Turner,Ma"]
[Black "Briscoe,C"]
[Result "1-0"]
[WhiteElo "2516"]
[BlackElo "2218"]

1.c4 e5 2.g3 Nf6 3.Bg2 d5 4.cxd5 Nxd5 5.Nf3 Nc6 6.O-O Be7 7.d4 e4 8.Ne5 Bf5
9.Nxc6 bxc6 10.Nd2 Nf6 11.Nc4 h5 12.Bf4 Nd5 13.Rc1 h4 14.Ne3 Nxf4 15.gxf4 h3
16.Bh1 Bd7 17.Bxe4 Bd6 18.Nc4 Bxf4 19.e3 Bd6 20.f4 f5 21.Nxd6+ cxd6 22.Bxc6 Bxc6
23.Rxc6 Qe7 24.Qf3 Rb8 25.b3 Rh6 26.Rfc1 Rg6+ 27.Kh1 Qe4 28.Qxe4+ fxe4 29.Rg1 Rxg1+
30.Kxg1 Kd7 31.Rc1 Rb6 32.Kf2 Ra6 33.Rc2 d5 34.Kg3 Rh6 35.Rc5 Kd6 36.Ra5 Rg6+
37.Kxh3 Rg1 38.Ra6+ Kc7 39.Rxa7+ Kb6 40.Rd7 Kc6 41.Rd8 Re1 42.Rc8+ Kb5 43.Rc5+ Kb4
44.Rxd5 Rxe3+ 45.Kg4 Kc3 46.Rd7 Re1 47.d5 e3 48.Rc7+ Kb2 49.Re7 Kxa2 50.d6 Rd1
51.d7 Ka3 52.Kf3 Kb4 53.Kxe3 g6 54.Re4+ Kc3 55.Rc4+  1-0

[Event "XX TCh-MKD"]
[Site "Struga MKD"]
[Date "2011.08.11"]
[Round "4"]
[White "Krstevski,V"]
[Black "Petrov,Sa"]
[Result "1/2-1/2"]
[WhiteElo "2143"]
[BlackElo "2111"]

1.c4 e5 2.g3 Nf6 3.Bg2 d5 4.cxd5 Nxd5 5.Nc3 Nb6 6.Nf3 Nc6 7.O-O Be7 8.d3 O-O
9.a3 Bg4 10.b4 a6 11.Bb2 Re8 12.Rc1 Bf8 13.Ne4 Nd7 14.Re1 h6 15.h3 Be6 16.Kh2 f5
17.Ned2 Be7 18.Nb3 Bd5 19.Qc2 Kh8 20.Nh4 Bxb3 21.Qxb3 Bxh4 22.gxh4 Qxh4 23.Kg1 Qg5
24.Kh1 Qh5 25.Kh2  1/2-1/2

[Event "XX TCh-MKD"]
[Site "Struga MKD"]
[Date "2011.08.11"]
[Round "4"]
[White "Stojanovic,Mih"]
[Black "Simeonov,S"]
[Result "1-0"]
[WhiteElo "2591"]
[BlackElo "2357"]

1.c4 e5 2.g3 Nf6 3.Bg2 d5 4.cxd5 Nxd5 5.Nc3 Be6 6.Nf3 Nc6 7.O-O Nb6 8.d3 Be7
9.a3 O-O 10.b4 a5 11.b5 Nd4 12.Bb2 Nb3 13.Rb1 f6 14.Nd2 Nxd2 15.Qxd2 Nc4
16.Qc1 Nxb2 17.Qxb2 Rb8 18.Rfc1 c6 19.a4 Bc5 20.bxc6 bxc6 21.Qxb8 Qxb8 22.Rxb8 Rxb8
23.Bxc6 Ba3 24.Ra1 Rb3 25.Bd5 Rxc3 26.Bxe6+ Kf8 27.Kg2 Ke7 28.Bg8 g6 29.f4 Kf8
30.Bd5 exf4 31.gxf4 f5 32.Kf3 Kg7 33.Bc4 Bb4 34.Rg1 Kf6 35.h3 Rc2 36.Bb5 Ba3
37.Ra1 Bb4 38.Bc4 Bd2 39.Rd1 Bb4 40.Bd5 Ba3 41.Rb1 Bb4 42.h4 h5 43.e4 fxe4+
44.Bxe4 Bc5 45.Rb5 Rf2+ 46.Kg3 Be3 47.Rxa5 Rxf4 48.Rg5 Rg4+ 49.Rxg4 hxg4
50.a5 Ba7 51.Kxg4 Bc5 52.a6 Bb6 53.Bc6 Ba7 54.Be8 Kg7 55.Kf4 Kf6 56.Ke4 g5
57.h5 Ke7 58.Bg6 Kf6 59.Bf5 Bb8 60.d4  1-0

[Event "e2e4 Int Masters C"]
[Site "Sunningdale ENG"]
[Date "2011.08.11"]
[Round "2"]
[White "Savage,B"]
[Black "Neelotpal,D"]
[Result "1-0"]
[WhiteElo "2263"]
[BlackElo "2453"]

1.c4 e5 2.g3 Nf6 3.Bg2 d5 4.cxd5 Nxd5 5.Nc3 Nb6 6.Nf3 Nc6 7.O-O Be7 8.a3 O-O
9.b4 Be6 10.Rb1 f6 11.d3 Qd7 12.Bb2 Rfd8 13.Qc2 Bf8 14.Ne4 Qf7 15.b5 Na5
16.Bc3 Nb3 17.Nfg5 fxg5 18.Nxg5 Qf6 19.Nxe6 Nd4 20.Bxd4 Qxe6 21.Bb2 Nd5 22.Qc4 Rd6
23.Rfc1 a6 24.e4 Nb6 25.Qxe6+ Rxe6 26.Rxc7 Na4 27.Bh3 Ree8 28.Bc1 Nc5 29.bxa6 Rxa6
30.Be3 Nxd3 31.Rb3 Rd8 32.Bf1 Rad6 33.Rcc3 Ne1 34.Be2  1-0

[Event "27th Geraadsbergen Open"]
[Site "Geraadsbergen BEL"]
[Date "2011.08.12"]
[Round "4"]
[White "De Vogelaere,R"]
[Black "Peeters,J"]
[Result "0-1"]
[WhiteElo "1815"]
[BlackElo "1778"]

1.c4 e5 2.g3 g6 3.Bg2 Nc6 4.d3 Bg7 5.Nc3 Nf6 6.e4 Nd4 7.Nge2 Nxe2 8.Qxe2 c6
9.Be3 d6 10.h3 O-O 11.Qd2 Qa5 12.O-O Ne8 13.a3 f5 14.b4 Qd8 15.b5 f4 16.gxf4 exf4
17.Bxf4 Bxc3 18.Qxc3 Rxf4 19.e5 d5 20.bxc6 bxc6 21.cxd5 cxd5 22.Qc6 Rb8 23.Bxd5+ Kg7
24.Bg2 Bb7 25.Qc1 Qg5 26.f3 Qxe5 27.Re1 Qd4+ 28.Kh1 Bxf3 29.Re7+ Kf8 30.Bxf3 Rxf3
31.Rxh7 Kg8  0-1

[Event "Split Open"]
[Site "Split CRO"]
[Date "2011.08.12"]
[Round "8.10"]
[White "Teran Alvarez,I"]
[Black "Foglia,M"]
[Result "1-0"]
[WhiteElo "2437"]
[BlackElo "2213"]

1.c4 e5 2.g3 Nf6 3.Bg2 Nc6 4.Nc3 Bc5 5.e3 O-O 6.Nge2 Re8 7.O-O e4 8.a3 a5
9.Qc2 Qe7 10.Nd5 Nxd5 11.cxd5 Nd8 12.d3 exd3 13.Qxd3 d6 14.Bd2 a4 15.Nd4 f6
16.Bc3 Nf7 17.Rfe1 Bxd4 18.f4 Bd7 19.Qxd4 c5 20.dxc6 bxc6 21.Rad1 c5 22.Qd3 Rab8
23.h3 Be6 24.Kh2 Bb3 25.Rd2 Rbd8 26.Ba5 Rc8 27.Bc3 Rcd8 28.Bd5 Bxd5 29.Qxd5 Qe4
30.Kg1 Qxd5 31.Rxd5 Re4 32.Kf2 Rde8 33.Kf3 Kf8 34.h4 R4e6 35.e4 Rc8 36.g4 h6
37.Bd2 Rb8 38.Bc3 Rc8 39.h5 Re7 40.Re2 Rb7 41.Ke3 Ke7 42.Kd3 Rb6 43.Kc4 Kf8
44.Rf5 Kg8 45.Rg2 Re8 46.Re2 Rb7 47.Rd5 Rbe7 48.Kd3 Rc7 49.Ba5 Ra7 50.Be1 Rb7
51.Rc2 Rb3+ 52.Bc3 Rb7 53.Re2 Rc7 54.Ke3 Rce7 55.Kf3 Rc7 56.Ba5 Ra7 57.Be1 Rb7
58.Rc2 Rb3+ 59.Bc3 Kf8 60.Rd3 Rb7 61.Bd2 Reb8 62.Bc1 Rb3 63.Rcc3 R3b5 64.Rc4 Ra8
65.Rdc3 Rb7 66.Rc2 Rb3+ 67.R4c3 Rb5 68.Bd2 Rab8 69.Bc1 Ra8 70.Ke3 Re8 71.Rc4 Ra5
72.Kf3 Rea8 73.Bd2 Rb5 74.Bc3 d5 75.Rxc5 dxe4+ 76.Ke3 Rb7 77.Bb4 Kg8 78.Rc8+ Rxc8
79.Rxc8+ Kh7 80.Ra8 Rc7 81.Rxa4 Nd8 82.Kxe4  1-0

[Event "20th ZMDI Open A"]
[Site "Dresden GER"]
[Date "2011.08.13"]
[Round "8.5"]
[White "Jaracz,P"]
[Black "Luther,T"]
[Result "1/2-1/2"]
[WhiteElo "2575"]
[BlackElo "2515"]

1.c4 e5 2.g3 Nf6 3.Bg2 d5 4.cxd5 Nxd5 5.Nc3 Nb6 6.Nf3 Nc6 7.O-O Be7 8.a3 O-O
9.b4 Re8 10.Rb1 Bf8 11.d3 Nd4 12.Ne1 c6 13.e3 Nf5 14.Ne2 Nd6 15.Nf3 a5 16.e4 axb4
17.axb4 Nb5 18.d4 Bg4 19.dxe5 Qxd1 20.Rxd1  1/2-1/2

[Event "27th Geraadsbergen Open"]
[Site "Geraadsbergen BEL"]
[Date "2011.08.13"]
[Round "5.5"]
[White "Verhaeren,G"]
[Black "Verlinden,D"]
[Result "1/2-1/2"]
[WhiteElo "2014"]
[BlackElo "2055"]

1.c4 e5 2.g3 Nc6 3.Nc3 Nf6 4.Bg2 Bc5 5.Nf3 d6 6.d3 h6 7.a3 a5 8.O-O O-O 9.e3 Bf5
10.d4 Bb6 11.b3 Re8 12.Nd5 Nxd5 13.cxd5 Nb8 14.dxe5 dxe5 15.Bb2 Qd6 16.Nd2 Bd3
17.Ne4 Bxe4 18.Bxe4 Nd7 19.Bg2 Rad8 20.e4 Bc5 21.Qc2 Qb6 22.Bh3 Bd6 23.Bxd7 Rxd7
24.Bc1  1/2-1/2